00531nam a2200193Ii 450000100060000000300090000600800410001502000150005604000330007104100080010408200190011210000280013124500360015926400490019530000120024433600260025633700280028233800270031015286CO-ViMGA241108s9999||||xx |||||||||||||| ||und|| a9589388000 aCO-ViMGAbspaerdacCO-ViMGA0 aspa04a333.82308 G89c1 aGilberto Guzmán Celis10aCusiana o la bonanza al revés 1aBogotá, Colombia : Promover Editores, 1994 avolumen atextbtxt2rdacontent aunmediatedbn2rdamedia avolumebnc2rdacarrier